000 00538nam a2200181Ia 4500
005 20250923145408.0
008 008 250917s9999 xx 000 0 eng d
037 _aTextual
040 _aDSWL
_beng
_cDSWL
041 _aeng
_2eng
084 _aY744:1, N52;1
_qDSWL
100 _aRawlinson, H.G.
_9834847
245 0 _aIndia: A short cultural history
_c by H.G. Rawlinson
260 _aNew York
_b Frederick A. Praeger
_c1952
300 _axiv,454p.
942 _cTEXL
_hY744:1, N52;1
999 _c1450839
_d1450839